| 000 | 00793nam a2200241 i 4500 | ||
|---|---|---|---|
| 001 | 17129 | ||
| 003 | ES-MaACL | ||
| 005 | 20230906151517.0 | ||
| 007 | t| | ||
| 008 | 001222s1998 sp |||| | spa d | ||
| 020 | _a84-7290-095-9 | ||
| 080 | _a297:32(5-011) | ||
| 080 | _a32(5/6) | ||
| 100 | 1 |
_aAyubi, Nazih N. M. _924196 |
|
| 245 | 1 | 0 |
_aPolítica y sociedad en Oriente Próximo _b: la hipertrofia del estado árabe / _cNazih N. Ayubi. |
| 260 |
_aBarcelona : _bBellaterra, _c[1998] |
||
| 300 |
_a747 p. ; _c24 cm. |
||
| 490 | 1 | _aBiblioteca del Islam contemporáneo. Serie Ibn Jaldún | |
| 651 |
_aPaíses árabes- _xPolítica y gobierno. _9170883 |
||
| 830 | 0 |
_aBiblioteca del Islam contemporáneo. Serie Ibn Jaldún _9180269 |
|
| 852 |
_aES-MaACL _jL-23922 |
||
| 999 |
_c17129 _d17129 |
||